Cricket: Fastest to 400 Test Wickets - Statistics

General Stats
  • This quiz has been taken 24 times
  • The average score is 10 of 11
Answer Stats
Country Year Matches Answer % Correct
SA 2015 80 Dale Steyn
100%
SL 2002 72 Muttiah Muralitharan
100%
IND 2021 77 Ravichandran Ashwin
100%
AUS 2001 92 Shane Warne
95%
IND 2011 96 Harbhajan Singh
90%
SL 2017 84 Rangana Herath
90%
IND 2004 85 Anil Kumble
86%
AUS 2002 87 Glenn McGrath
86%
WI 2000 97 Sir Curtly Ambrose
81%
PAK 2000 96 Wasim Akram
81%
NZ 1990 80 Sir Richard Hadlee
76%
No matching quizzes found
Score Distribution
Percent of People with Each Score
Percentile by Number Answered
Your Score History
You have not taken this quiz